Eagles or Eagles? Quiz Stats

 Plays Quiz Updated Jan 5, 2020

Support Sporcle.
Go Orange.
Score 0/14 Timer 01:00
35 Plays Today
Hint Answer % Correct
Glenn Frey???
95.8%
Randall Cunningham???
89%
Carson Wentz???
87.5%
Don Henley???
86%
Kevin Kolb???
82.8%
Norm Snead???
74.2%
Joe Walsh???
71.4%
Hint Answer % Correct
Don Felder???
69.1%
Adrian Burk???
67%
Randy Meisner???
65.1%
Bernie Leadon???
64.4%
Roy Zimmerman???
63.1%
Mike Boryla???
62.8%
Timothy Schmit???
51.5%

You're not logged in!

Compare scores with friends on all Sporcle quizzes.
OR
Log In

From the Vault

TV Shows: Laugh Track or Not?

by MovieGuru

Do you hate laugh tracks on TV? This quiz may be for you.
Remove Ads.
Support Sporcle.
Get the best of Sporcle when you Go Orange. This ad-free experience offers more features, more stats, and more fun while also helping to support Sporcle. Thank you for becoming a member.

Show Comments

Extras

Top Quizzes Today


Score Distribution

Your Account Isn't Verified!

In order to create a playlist on Sporcle, you need to verify the email address you used during registration. Go to your Sporcle Settings to finish the process.

Report this User

Report this user for behavior that violates our Community Guidelines.

Details: